| 000 | 00396nam a22001577a 4500 | ||
|---|---|---|---|
| 005 | 20241017152029.0 | ||
| 008 | 241017b |||||||| |||| 00| 0 eng d | ||
| 020 | _a978-93-6109-953-3 | ||
| 041 | _aeng | ||
| 100 | _aDhumal K. N. & Others | ||
| 245 | _aApplied Aspects of Plant Sciences ( F.Y.B.Sc. Sem.- I ) | ||
| 250 | _a1st ed | ||
| 260 |
_aPune _bNirali |
||
| 300 | _aR.1 | ||
| 942 | _cBK | ||
| 999 |
_c359880 _d359880 |
||